000 00226 a2200097 4500
001 18241
100 _aBertin, Leon
245 _aThe new larousse encyclopedia of the earth
260 _a
_bHamlyn Ltd
_c
090 _c13535
_d13535
942 _aNUST-CAE
_cM
_c3931
999 _c253314
_d253314